Conveyancing protocol (Record no. 112573)

MARC details
000 -LEADER
fixed length control field 00611cam a22002055a 4500
001 - CONTROL NUMBER
control field L153530
008 - FIXED-LENGTH DATA ELEMENTS--GENERAL INFORMATION
fixed length control field 110804s2011 xxk f 000 0 eng d
020 ## - INTERNATIONAL STANDARD BOOK NUMBER
International Standard Book Number 9781907698057
035 ## - SYSTEM CONTROL NUMBER
System control number (Sirsi) u153530
041 0# - LANGUAGE CODE
Language code of text/sound track or separate title eng
050 04 - LIBRARY OF CONGRESS CALL NUMBER
Classification number 346.410438
110 2# - MAIN ENTRY--CORPORATE NAME
Corporate name or jurisdiction name as entry element Law Society
245 00 - TITLE STATEMENT
Title Conveyancing protocol
260 ## - PUBLICATION, DISTRIBUTION, ETC.
Place of publication, distribution, etc. London
Name of publisher, distributor, etc. Law Society
Date of publication, distribution, etc. 2011
520 ## - SUMMARY, ETC.
Summary, etc. The law Society's new preferred practice for conveyancing transcations of freehold and residential property.
651 #4 - SUBJECT ADDED ENTRY--GEOGRAPHIC NAME
Geographic name ENGLAND AND WALES
690 ## - LOCAL SUBJECT ADDED ENTRY--TOPICAL TERM (OCLC, RLIN)
Topical term or geographic name as entry element PROPERTY-PROPERTY ACQUISITION AND DISPOSAL-CONVEYANCING
942 ## - ADDED ENTRY ELEMENTS (KOHA)
Suppress in OPAC 0
Holdings
Withdrawn status Lost status Source of classification or shelving scheme Damaged status Not for loan Home library Current library Shelving location Date acquired Total Checkouts Full call number Barcode Date last seen Copy number Price effective from Koha item type
    Dewey Decimal Classification     London London Books 10/08/2011   346.410438 30075778 06/08/2019 1 06/08/2019 Book